Who Recorded These Albums?; Vol. 3 - Statistics

General Stats
  • This quiz has been taken 27 times
  • The average score is 8 of 15
Answer Stats
Hint Answer % Correct
Like a Virgin, True Blue, Bedtime Stories Madonna
100%
A Night at the Opera, A Day at the Races, The Game Queen
77%
Face Value, ... But Seriously Folks, No Jacket Required Phil Collins
69%
Strange Days, Waiting for the Sun, L.A. Woman The Doors
69%
Paranoid, Master of Reality, 13 Black Sabbath
65%
Parklife, Think Tank, The Magic Whip Blur
54%
1984, 5150, A Different Kind of Truth Van Halen
54%
Exodus, Kaya, Uprising Bob Marley and the Wailers
50%
461 Ocean Boulevard, Slowhand, From the Cradle Eric Clapton
50%
Madman Across the Water, Caribou, The One Elton John
46%
Double Vision, Head Games, 4 Foreigner
38%
Candy-O, Shake It Up, Heartbeat City The Cars
35%
Pictures at Eleven, Now and Zen, Manic Nirvana Robert Plant
19%
No Need to Argue, To the Faithful Departed, Bury the Hatchet The Cranberries
19%
Let Go, Under My Skin, Goodbye Lullaby Avril Lavigne
12%
No matching quizzes found
Score Distribution
Percent of People with Each Score
Percentile by Number Answered
Your Score History
You have not taken this quiz